| 000 | nam a22 7a 4500 | ||
|---|---|---|---|
| 999 |
_c127666 _d127666 |
||
| 008 | 180315b xxu||||| |||| 00| 0 eng d | ||
| 020 | _a70111522X | ||
| 050 | _aPR473.L36 | ||
| 100 |
_aLeavis, Frank. Raymond. _940688 |
||
| 245 |
_aEnglish literature in our time and the university: _bClark lectures 1967 _c/ by F. R. Leavis |
||
| 260 |
_aLondon: _bChatto and windus, _c1969 |
||
| 300 |
_avii, 200p.; _c22cm. |
||
| 650 |
_aEnglish literature _xAddresses _y20th century _940689 |
||
| 650 |
_aEducation, higher _924524 |
||
| 650 |
_aUniversities and colleges _zEngland _940690 |
||
| 942 |
_2lcc _cMONOGRAPH |
||